La Península Ibérica en los comienzos de su historia / (Record no. 69355)

MARC details
000 -LEADER
campo de control de longitud fija 00687nam a2200181 i 4500
001 - NÚMERO DE CONTROL
campo de control 69355
003 - IDENTIFICADOR DE NÚMERO DE CONTROL
campo de control ES-MaACL
005 - FECHA Y HORA DE LA ÚLTIMA TRANSACCIÓN
campo de control 20230906170512.0
007 - CAMPO FIJO DE DESCRIPCIÓN FÍSICA--INFORMACIÓN GENERAL
campo de control de longitud fija t|
008 - DATOS DE LONGITUD FIJA--INFORMACIÓN GENERAL
campo de control de longitud fija 040705s1953 sp ||||1| spa d
100 1# - ENTRADA PRINCIPAL--NOMBRE DE PERSONA
Nombre de persona García y Bellido, Antonio.
9 (RLIN) 55426
245 13 - MENCIÓN DEL TÍTULO
Título La Península Ibérica en los comienzos de su historia /
Mención de responsabilidad, etc. A. García Bellido.
260 ## - PUBLICACIÓN, DISTRIBUCIÓN, ETC.
Lugar de publicación, distribución, etc. Madrid :
Nombre del editor, distribuidor, etc. Instituto Rodrigo Caro :
-- Consejo Superior de Investigaciones Científicas,
Fecha de publicación, distribución, etc. 1953 (
Fabricante Ibarra)
300 ## - DESCRIPCIÓN FÍSICA
Extensión VIII, 695 p., 8 lám. :
Otras características físicas il. ;
Dimensiones 21 cm.
710 2# - ENTRADA AGREGADA--NOMBRE DE ENTIDAD CORPORATIVA
Nombre de entidad corporativa o nombre de jurisdicción como elemento de entrada Instituto Rodrigo Caro.
9 (RLIN) 5228
710 2# - ENTRADA AGREGADA--NOMBRE DE ENTIDAD CORPORATIVA
Nombre de entidad corporativa o nombre de jurisdicción como elemento de entrada Consejo Superior de Investigaciones Científicas (España)
9 (RLIN) 3236
852 ## - LOCALIZACIÓN
Ubicación ES-MaACL
Número de control de estantería LC-5819
Sublocalización o colección R.34811
Holdings
Estatus retirado Estado de pérdida Estado de daño No para préstamo Biblioteca de origen Biblioteca actual Ubicación en estantería Fecha de adquisición Fuente de adquisición Total de préstamos Signatura topográfica completa Código de barras Visto por última vez Precio de reemplazo Tipo de ítem Koha
        Biblioteca del Ateneo de Madrid Biblioteca del Ateneo de Madrid Depósito 1 17/01/2008     LC-5819 1072624 23/02/2023 23/02/2023 Libro impreso